000 01203nam0a22002411 4500
001 rc\1090296
005 20041126173824.1
035 _a(NLR Aleph) 006337212
090 _a7606745
_c7606745
100 _a20041126d1983 u |0rusy50 ca
101 0 _arus
102 _aRU
105 _ay |||||||||
200 1 _aОсобенности учебно-воспитательной работы в вечерней школе для глухих и слабослышащих
_eСб. ст.
_fНИИ дефектологии АПН СССР, Лаб. общ. и проф. обучения взрослых глухих, Ленингр. восстановит. центр ВОГ
_gПод ред. А.П. Гозовой
210 _aЛ.
_cЛенингр. восстановит. центр ВОГ
_d1983
215 _a66 с.
_d20
702 1 _aГозова
_bА. П.
_gАлександра Петровна
_4340
712 0 2 _aНИИ дефектологии
_cМосква
_bЛаборатория общего и проф. образования взрослых глухих
_3RU\NLR\AUTH\8810017912
801 0 _aRU
_bNLR
_gpsbo
801 1 _aRU
_bELAR
_2rusmarc
852 _aNLR
_j85-4/3851
942 _cBOOK
980 _aNB